1900 solar eclipse expedition of Astrophysical Observatory of Smithsonian Institution.

Bibliographic Details
Corporate Author: Smithsonian Institution. Office of the Secretary
Other Authors: Abbot, C. G. (Charles Greeley), 1872-1973, Langley, S. P. (Samuel Pierpont), 1834-1906
Format: Government Document eBook
Language:English
Published: [Place of publication not identified] : U.S. Government Printing Office, 1904.
Subjects:
Online Access:Connect to the full text of this electronic document

MARC

Tag First Indicator Second Indicator Subfields
LEADER 00000cam a22000001a 4500
001 in00003664521
005 20190408173401.0
006 m o d f
007 cr bn mmmapmmp
008 030117s1904 xx a o f000 0 eng d
035 |a ebd1909602849 
040 |a UMI  |c UMI  |d UtOrBLW 
086 0 |a SI 1.2:So 4/1 
099 |a SI102-36 
245 0 0 |a 1900 solar eclipse expedition of Astrophysical Observatory of Smithsonian Institution. 
264 1 |a [Place of publication not identified] :  |b U.S. Government Printing Office,  |c 1904. 
300 |a 1 online resource (26 pages) :  |b illustrations 
336 |a text  |b txt  |2 rdacontent 
337 |a computer  |b c  |2 rdamedia 
338 |a online resource  |b cr  |2 rdacarrier 
500 |a [On methodology and observations] 
500 |a Record is based on bibliographic data in ProQuest U.S. Executive Branch Documents, 1789-1909. Reuse except for individual research requires license from ProQuest, LLC. 
533 |a Electronic reproduction.  |b [Bethesda, Md.] :  |c ProQuest,  |d 2012.  |e digital, PDF file.  |n ProQuest U.S. Executive Branch Documents, 1789-1909.  |n Mode of access: World Wide Web via ProQuest website. 
538 |a System requirements: PDF reader software. 
500 |a Electronic resource. 
650 0 |a Solar eclipses.  |0 http://id.loc.gov/authorities/subjects/sh85040739 
655 7 |a Electronic books.  |2 local 
700 1 |a Abbot, C. G.  |q (Charles Greeley),  |d 1872-1973.  |0 http://id.loc.gov/authorities/names/n50039868 
700 1 |a Langley, S. P.  |q (Samuel Pierpont),  |d 1834-1906.  |0 http://id.loc.gov/authorities/names/n85809137 
710 2 |a Smithsonian Institution.  |b Office of the Secretary.  |0 http://id.loc.gov/authorities/names/no2001090455 
740 0 2 |a Solar eclipse expedition of Astrophysical Observatory of Smithsonian Institution. 
776 1 8 |i Microfiche version:  |t 1900 solar eclipse expedition of Astrophysical Observatory of Smithsonian Institution  |o CIS US Exec MF SI102-36  |w (ProQuest)cis19060621 
856 4 0 |u http://proxy.library.tamu.edu/login?url=http://congressional.proquest.com/congressional/docview/t66.d71.si102-36  |z Connect to the full text of this electronic document  |t 0 
999 f f |s cb570c28-5808-3f2a-b2be-422f7a2bc688  |i 28bdbc5d-7999-31af-8a5a-8b02236b6db6  |t 0 
952 f f |a Texas A&M University  |b College Station  |c Electronic Resources  |d Available Online  |t 0  |h No information provided 
998 f f |t 0  |l Available Online